Normal view
MARC view
- Bol, Henrich .
Entry Personal Name
001 - CONTROL NUMBER
- control field: 1734
003 - CONTROL NUMBER IDENTIFIER
- control field: OSt
005 - DATE AND TIME OF LATEST TRANSACTION
- control field: 20161007151424.0
008 - FIXED-LENGTH DATA ELEMENTS
- fixed length control field: 161007|| aca||aabn | a|a d
040 ## - CATALOGING SOURCE
- Original cataloging agency: OSt
- Transcribing agency: OSt
100 ## - HEADING--PERSONAL NAME
- Personal name: Bol, Henrich .
670 ## - SOURCE DATA FOUND
- Source citation: Work cat.: (OSt)4605: Bol, Henrich ., Appam Kittatha Nalukal / , 1965.
